000 00894nam a22002897a 4500
001 BR8306394
003 BR-BrBNA
005 20230928091827.0
007 ta
008 230509b bl.||||| |||| 00| 0 por d
040 _aBR-BrBNA
_bpor
_cBiblioteca Nacional de Agricultura
041 _a(Por)
072 _aD50; P01; F40
090 _ D50 BR8306394
110 1 _aSecretaria de Estado de Ciencia e Tecnologia, Belo Horizonte, MG (Brasil)
_98888
245 1 _aLegislacao ambiental
260 3 _aBelo Horizonte, MG (Brasil):
_c1983.
300 _a87 p.
500 _a(*) Documento disponível no(a) Secretarria de Estado de Ciencia e Tecnologia, Belo Horizonte, MG (Brazil)
650 _aLEGISLACAO
650 _aDECRETO-LEI
650 _aPOLITICA NACIONAL
650 _aPRESERVACAO DA NATUREZA
650 _aMEIO AMBIENTE
909 _a202309
_bLucia
_c55
_dLucia Elande
942 _cBK
999 _c35743
_d35743